Every #1 Artist on Spotify - Statistics

General Stats
  • This quiz has been taken 141 times
  • The average score is 6 of 12
Answer Stats
Periods at #1 Months Held Answer % Correct
11/22, 11/23 - 12/23 3 Taylor Swift
97%
5/16 - 11/16, 5/18 8 Drake
80%
9/15 - 8/15, 12/16 - 1/17, 4/17 - 6/17, 8/17, 1/18 - 4/18, 7/18 - 10/18, 2/19, 6/19, 8/19 - 9/19, 11/19 - 12/19, 4/20 - 10/20, 2/21 - 3/21, 1/22 - 2/22, 12/22 - 10/23, 1/24 - 7/24, 9/24 - 10/24 53 The Weeknd
75%
11/24 - 3/25 5 Bruno Mars
59%
2/17 - 3/17, 9/17 - 12/17, 7/19, 10/19, 1/20, 3/22 - 10/22 17 Ed Sheeran
59%
11/18 - 1/19, 3/19, 11/20 - 12/20 6 Ariana Grande
56%
11/15 - 3/16, 2/20 - 3/20, 1/21, 4/21 - 12/21 17 Justin Bieber
53%
8/24 1 Billie Eilish
45%
4/16 1 Rihanna
45%
4/19 - 5/19 2 Khalid
9%
7/17 1 Daddy Yankee
5%
6/18 1 J Balvin
4%
No matching quizzes found
Score Distribution
Percent of People with Each Score
Percentile by Number Answered
Your Score History
You have not taken this quiz